000 00650nam a2200265Ia 4500
005 20260121170655.0
008 008 260114s9999 xx 000 0 eng d
020 _a9783319727721
037 _aEBOOK
040 _aCRL
040 _beng
040 _cCRL
041 _2eng
041 _aeng
084 _qCRL
100 _aMarie-Alice Belle, Brenda M. Hosington
_91066781
245 0 _aThresholds of Translation
260 _bSpringer
260 _bSpringer
260 _c2018
856 _uhttps://link.springer.com/openurl?genre=book&isbn=978-3-319-72772-1
942 _cEBOOK
999 _c1632511
_d1632511